Daňové priznanie k dani z príjmov právnických osôb na rok 1999
Druhy daňových priznaní. Pravidlá na podávanie daňových priznaní. Náplň jednotlivých riadkov. Príklad na vyplnenie daňového priznania za s.r.o., ktorá je komplementárom komanditnej spoločnosti (s vyplneným vzorom). Príklad na vyplnenie daňového priznania za akciovú spoločnosť (s vyplneným vzorom). P...
Guardado en:
| Autor principal: | |
|---|---|
| Formato: | Capítulo de libro |
| Lenguaje: | eslovaco |
| Materias: | |
| Etiquetas: |
Sin Etiquetas, Sea el primero en etiquetar este registro!
|
MARC
| LEADER | 00000naa a2200000 4500 | ||
|---|---|---|---|
| 001 | r037501 | ||
| 005 | 20231003083545.3 | ||
| 041 | 0 | |a slo | |
| 044 | |a SK | ||
| 245 | 1 | 0 | |a Daňové priznanie k dani z príjmov právnických osôb na rok 1999 |c Dalila Luknárová |
| 520 | |a Druhy daňových priznaní. Pravidlá na podávanie daňových priznaní. Náplň jednotlivých riadkov. Príklad na vyplnenie daňového priznania za s.r.o., ktorá je komplementárom komanditnej spoločnosti (s vyplneným vzorom). Príklad na vyplnenie daňového priznania za akciovú spoločnosť (s vyplneným vzorom). Príklad na vyplnenie priznania za komanditnú spoločnosť (s vyplneným vzorom). | ||
| 610 | 2 | 0 | |a priznania daňové |
| 610 | 2 | 0 | |a dane z príjmov |
| 610 | 2 | 0 | |a osoby právnické |
| 610 | 2 | 0 | |a 1999 |
| 610 | 2 | 0 | |a spoločnosti s r.o. |
| 610 | 2 | 0 | |a spoločnosti akciové |
| 610 | 2 | 0 | |a spoločnosti komanditné |
| 100 | 1 | |a Luknárová - Kutišová, Dalila | |